[Event "AUTO-INT-2400"]
[Site "http://www.queenalice.com/game.php?id=1134241"]
[Date "2012.12.25"]
[Round "2"]
[White "Arther"]
[Black "vult0"]
[Result "0-1"]
[WhiteElo "1527"]
[BlackElo "1661"]

1. c4 e5 2. Nc3 Nf6 3. e3 Bc5 4. d3 d6 5. Nge2 O-O 6. g3 c6 7. Bg2 Nbd7 8. a3
Bb6 9. b4 Bc7 10. O-O Ng4 11. f3 Nh6 12. e4 Qf6 13. Be3 Qg6 14. Bf2 f5 15. exf5
Nxf5 16. Ne4 Nf6 17. N2c3 d5 18. Nxf6+ Rxf6 19. cxd5 Rd6 20. dxc6 bxc6 21. Re1
Re6 22. Ne4 Re8 23. Qc2 Bb7 24. Nc5 Rab8 25. Nd7 Rbd8 26. Nxe5 Rxe5 27. Red1 Bb6
28. Rd2 Ne3 29. Qb3+ Kh8 30. Qb2 Bd4 31. Qa2 Bxa1 32. Qxa1 Ree8 33. Bxe3 Rxe3
34. Qc3 Ba6 35. Kf2 Rexd3 36. Rxd3 Bxd3 37. Qd2 Qf6 38. Qe3 Bb5 39. Qb3 Rd2+ 40.
Kg1 Qa1+ 0-1

[Event "AUTO-INT-2400"]
[Site "http://www.queenalice.com/game.php?id=1134244"]
[Date "2012.12.25"]
[Round "2"]
[White "Arther"]
[Black "norbertokruger"]
[Result "0-1"]
[WhiteElo "1530"]
[BlackElo "1856"]

1. c4 e5 2. Nc3 Bc5 3. e3 Nf6 4. Nge2 d6 5. g3 Bg4 6. Bg2 c6 7. d3 O-O 8. O-O
Na6 9. a3 Nc7 10. b4 Bb6 11. Qd2 Re8 12. Na4 c5 13. Nxb6 axb6 14. Bb2 b5 15. Nc3
d5 16. bxc5 bxc4 17. f3 Bf5 18. dxc4 dxc4 19. Qxd8 Rexd8 20. Na4 Rxa4 21. Bxe5
Ncd5 22. e4 Ne3 23. Rf2 Rd1+ 24. Rxd1 Nxd1 25. Ra2 Be6 26. Ra1 c3 27. Rxd1 h6
28. Bxc3 Rxa3 29. Bxf6 gxf6 30. Rc1 Bd7 31. h4 Rb3 32. Kf2 Kg7 33. f4 Kg6 34.
Bf1 Bg4 35. Kg2 Bf3+ 36. Kf2 Bxe4 37. Bh3 Rf3+ 38. Kg2 Rc3+ 0-1

[Event "AUTO-INT-2400"]
[Site "http://www.queenalice.com/game.php?id=1134245"]
[Date "2012.12.25"]
[Round "2"]
[White "norbertokruger"]
[Black "Arther"]
[Result "1-0"]
[WhiteElo "1886"]
[BlackElo "1516"]

1. e4 c5 2. Bc4 Nc6 3. Qf3 e6 4. Qc3 Nf6 5. d3 g6 6. Bg5 Bg7 7. e5 Ne4 8. Bxd8
Nxc3 9. Bf6 Bxf6 10. exf6 Nxb1 11. Rxb1 d5 12. Bb5 Bd7 13. Nf3 a6 14. Bxc6 Bxc6
15. O-O Rd8 16. b3 b5 17. c4 O-O 18. Rfc1 dxc4 19. dxc4 Bxf3 20. gxf3 Rd4 21.
cxb5 axb5 22. Rxc5 Rf4 23. Rxb5 Rxf3 24. a4 Rd3 25. a5 Rdd8 26. a6 Ra8 27. Ra1
h5 28. a7 Kh7 29. b4 Kh6 30. f4 Rfd8 31. Rb7 g5 32. fxg5+ Kxg5 33. Rxf7 Kg6 34.
Re7 Kxf6 35. Rb7 e5 36. Ra6+ Kf5 37. Rf7+ Kg5 38. Ra5 Re8 39. Kg2 Kg4 40. h3+
Kg5 41. b5 Kg6 42. Rc7 e4 43. Kf2 e3+ 44. Ke2 Kg5 45. b6+ Kh4 46. b7 Rxa7 47.
Rxa7 Kxh3 48. Rc8 1-0

[Event "AUTO-INT-2530"]
[Site "http://www.queenalice.com/game.php?id=1139491"]
[Date "2013.1.11"]
[Round "1"]
[White "Fischerp635"]
[Black "Arther"]
[Result "0-1"]
[WhiteElo "1717"]
[BlackElo "1539"]

1. e4 c5 2. Nf3 Nc6 3. c3 b6 4. d4 cxd4 5. Nxd4 Bb7 6. Qf3 e6 7. Bc4 Nf6 8. e5
Na5 9. Qe2 Bxg2 10. Rg1 Bb7 11. exf6 Qxf6 12. Bg5 Qg6 0-1

[Event "AUTO-INT-2530"]
[Site "http://www.queenalice.com/game.php?id=1139492"]
[Date "2013.1.11"]
[Round "1"]
[White "Arther"]
[Black "Fischerp635"]
[Result "1-0"]
[WhiteElo "1513"]
[BlackElo "1752"]

1. c4 e5 2. Nc3 Nf6 3. e3 c6 4. Nge2 d5 5. cxd5 cxd5 6. d3 Nc6 7. g3 e4 8. Nf4
Bf5 9. Qb3 d4 10. Nb5 Bb4+ 11. Bd2 1-0

[Event "AUTO-INT-2530"]
[Site "http://www.queenalice.com/game.php?id=1139507"]
[Date "2013.1.11"]
[Round "1"]
[White "umgeher"]
[Black "Arther"]
[Result "1-0"]
[WhiteElo "1680"]
[BlackElo "1504"]

1. e4 c5 2. b3 Nc6 3. Bb2 e6 4. Bc4 Nf6 5. Nf3 d6 6. O-O Be7 7. e5 Nd7 8. exd6
Bxd6 9. d4 cxd4 10. Nxd4 Nxd4 11. Qxd4 Nf6 12. Nd2 a6 13. Ne4 Nxe4 14. Qxg7 Ke7
15. Rae1 Nd2 16. Qg5+ Kd7 17. Qxd2 Rg8 18. Be5 Ke7 19. Qh6 Bxe5 20. Rxe5 Rh8 21.
Qg5+ Ke8 22. Qg7 Ke7 23. Rfe1 b5 24. Bd5 Ra7 25. g3 Qg8 26. Rxe6+ Bxe6 27. Rxe6+
Kd7 28. Qd4 Qb8 29. Rf6 Ke8 30. Bc6+ Kf8 31. Rh6 f6 32. Qxf6+ Rf7 33. Qxh8+ 1-0

[Event "AUTO-INT-2530"]
[Site "http://www.queenalice.com/game.php?id=1139508"]
[Date "2013.1.11"]
[Round "1"]
[White "Arther"]
[Black "umgeher"]
[Result "0-1"]
[WhiteElo "1514"]
[BlackElo "1670"]

1. c4 c5 2. Nc3 Nf6 3. e3 Nc6 4. Nge2 d5 5. cxd5 Nxd5 6. d3 g6 7. h3 Bg7 8. Qd2
O-O 9. Nxd5 Qxd5 10. Nc3 Bxc3 11. bxc3 Be6 12. f3 Rad8 13. c4 Qe5 14. Bb2 Qd6
15. Be2 Qg3+ 16. Kf1 Ne5 17. f4 Nc6 18. Qe1 Qxe3 19. Bc1 Qd4 20. Bd2 Nb4 21. Qb1
Rd6 22. g3 Rfd8 23. Bxb4 cxb4 24. Qxb4 Qxa1+ 25. Kg2 Qd4 26. Qxb7 Qe3 27. Re1
Qd2 28. Kf1 Bxh3+ 29. Kf2 Rxd3 30. Qh1 Qe3# 0-1

[Event "AUTO-INT-2530"]
[Site "http://www.queenalice.com/game.php?id=1139519"]
[Date "2013.1.11"]
[Round "1"]
[White "Arther"]
[Black "teferi"]
[Result "1-0"]
[WhiteElo "1539"]
[BlackElo "1416"]

1. c4 e5 2. Nc3 Nf6 3. e3 d5 4. cxd5 c6 5. Nge2 cxd5 6. d3 d4 7. Nb5 a6 8. Na3
Bb4+ 9. Bd2 Bxd2+ 10. Qxd2 O-O 11. Ng3 Nc6 12. Be2 Bg4 13. h3 Qa5 14. Qxa5 Nxa5
15. hxg4 Rad8 16. O-O b5 17. Nc2 dxe3 18. fxe3 Rfe8 19. Nb4 g6 20. Rxf6 Re6 21.
Rxe6 fxe6 22. Nxa6 Nc6 23. Ne4 h5 24. Nac5 Kf7 25. Ng5+ Kf6 26. Ngxe6 h4 27.
Nxd8 Nxd8 28. Ne4+ Ke6 29. Rf1 Nc6 30. Rf6+ Kd5 31. Rxg6 1-0

[Event "AUTO-INT-2530"]
[Site "http://www.queenalice.com/game.php?id=1139520"]
[Date "2013.1.11"]
[Round "1"]
[White "teferi"]
[Black "Arther"]
[Result "0-1"]
[WhiteElo "1366"]
[BlackElo "1551"]

1. d4 e6 2. e4 d6 3. Nc3 Nd7 4. f4 g6 5. g3 Bg7 6. Nf3 a6 7. e5 Ne7 8. Bg2 O-O
9. O-O Rb8 10. Ne4 Nf5 11. c3 d5 12. Nf6+ Nxf6 13. exf6 Qxf6 14. Ng5 h6 15. Nf3
b5 16. b3 Re8 17. Ne5 Rb6 18. g4 Nh4 19. g5 Qf5 20. Nf3 Nxg2 21. Kxg2 h5 22. Ne5
f6 23. gxf6 Qxf6 24. Qc2 Kh7 25. c4 dxc4 26. bxc4 Bb7+ 27. d5 bxc4 28. Bb2 Bxd5+
29. Kf2 Qxf4+ 30. Ke1 Qe3+ 31. Qe2 Qxe2+ 32. Kxe2 Rxb2+ 33. Ke3 Bxe5 34. Rf7+
Kh6 0-1

[Event "teferi-2"]
[Site "http://www.queenalice.com/game.php?id=1139557"]
[Date "2013.1.11"]
[Round "2"]
[White "thigo"]
[Black "Arther"]
[Result "0-1"]
[WhiteElo "1596"]
[BlackElo "1495"]

1. e4 c5 2. Qf3 e6 3. Nh3 h6 4. Na3 Nc6 5. Bb5 Nge7 6. d3 a6 7. Bxc6 Nxc6 8. b3
Ne5 9. Qe3 d6 10. Bb2 Ng4 11. Qg3 e5 12. O-O-O b5 13. Nb1 Be7 14. Nc3 g5 15. Nd5
h5 16. f3 h4 17. Qe1 Nf6 18. Bc3 Nxd5 19. exd5 Bb7 20. Nf2 Bxd5 21. Qe2 f5 22.
Rhe1 O-O 23. g3 hxg3 24. hxg3 Kf7 25. Rh1 Rh8 26. Rxh8 Qxh8 27. Rh1 Qf6 28. f4
Bxh1 29. Nxh1 Rh8 30. fxe5 Qe6 31. a3 Rxh1+ 32. Kd2 g4 33. Qg2 Qh6+ 34. Ke2 Rh2
35. Qxh2 Qxh2+ 36. Kd1 dxe5 37. Be1 Bd6 38. c3 e4 39. Bd2 Bxg3 40. Kc2 Be1 41.
dxe4 Qxd2+ 42. Kb1 g3 43. exf5 g2 44. c4 g1=Q 45. cxb5 Bg3# 0-1

[Event "teferi-2"]
[Site "http://www.queenalice.com/game.php?id=1152072"]
[Date "2013.2.15"]
[Round "3"]
[White "Arther"]
[Black "Gadou"]
[Result "1-0"]
[WhiteElo "1520"]
[BlackElo "1488"]

1. c4 c6 2. e4 e5 3. Nc3 Qb6 4. Nf3 f6 5. Be2 h6 6. Na4 Qa5 7. O-O d6 8. b3 Na6
9. Nh4 Be6 10. Ng6 Rh7 11. Nxf8 Kxf8 12. Ba3 Nc5 13. b4 Qxa4 14. Qc1 Nxe4 15.
Bd3 Nxd2 16. Bxh7 Nxf1 17. Bxg8 Bxg8 18. Kxf1 c5 19. Rb1 cxb4 20. Rxb4 Qc6 21.
Qb1 Bxc4+ 22. Kg1 Rb8 23. Bc1 b5 24. a3 a5 25. Rb2 Bg8 26. Bd2 a4 27. Rc2 Bc4
28. Rc1 Kg8 29. f3 Qc5+ 30. Kh1 Qd5 31. Bb4 Bd3 32. Qb2 g5 33. Be1 Bc4 34. Bf2
Kg7 35. Rc3 Qd1+ 36. Bg1 d5 37. h3 e4 38. Kh2 exf3 39. Rxf3 Re8 40. Qxf6+ Kg8
41. Qf7+ Kh8 42. Qxe8+ Kh7 43. Rf7+ Kg6 44. Rf8+ 1-0

[Event "AUTO-INT-2563"]
[Site "http://www.queenalice.com/game.php?id=1153776"]
[Date "2013.2.20"]
[Round "1"]
[White "Narizinho"]
[Black "Arther"]
[Result "0-1"]
[WhiteElo "1404"]
[BlackElo "1560"]

1. Nf3 c5 2. Nc3 Nc6 3. e4 e6 4. Bb5 Nge7 5. O-O a6 6. Be2 b5 7. d3 g6 8. Bg5 h6
9. Bf4 Bg7 10. e5 g5 11. Bd2 Nxe5 12. Nxe5 Bxe5 13. Bf3 Ra7 14. b3 f5 15. a4 b4
16. Nb1 Bxa1 17. Bh5+ Kf8 18. Be3 d6 19. Nd2 Bg7 20. Nf3 g4 21. Nd2 Nd5 22. Nc4
Nxe3 23. Nxe3 Qg5 24. Bxg4 fxg4 25. Nxg4 h5 26. Ne3 Rf7 27. Qd2 Bd4 28. Nd1 Qxd2
29. c3 Bxc3 30. Nxc3 bxc3 31. g3 c2 32. f4 c1=Q 33. Rxc1 Qxc1+ 34. Kg2 e5 35.
fxe5 Qf1# 0-1

[Event "AUTO-INT-2563"]
[Site "http://www.queenalice.com/game.php?id=1153777"]
[Date "2013.2.20"]
[Round "1"]
[White "Arther"]
[Black "Narizinho"]
[Result "1-0"]
[WhiteElo "1570"]
[BlackElo "1354"]

1. c4 Nc6 2. Nc3 Nf6 3. g3 e5 4. Bg2 Bb4 5. Qc2 O-O 6. e3 e4 7. Nxe4 d6 8. Ne2
Bf5 9. Nxf6+ gxf6 10. Qd1 a5 11. O-O b6 12. Bxc6 Rb8 13. a3 Bc5 14. Bg2 Be6 15.
b3 d5 16. d4 Be7 17. cxd5 Bd7 18. Bb2 c6 19. dxc6 Bxc6 20. Bxc6 b5 21. Bg2 b4
22. h4 bxa3 23. Bxa3 f5 24. Bxe7 Qxe7 25. Rxa5 Qe6 26. Ra3 Qd6 27. Ra2 Qd5 28.
Bxd5 h6 29. Qd3 Rbd8 30. Bg2 Rb8 31. Rfa1 f6 32. Ra8 Rxa8 33. Rxa8 Rxa8 34. Bxa8
Kf7 35. Qxf5 Ke7 36. Qc5+ Ke6 37. Nf4+ Kf7 38. Qc7+ Kf8 39. Bd5 f5 40. Qf7# 1-0

[Event "AUTO-INT-2563"]
[Site "http://www.queenalice.com/game.php?id=1153788"]
[Date "2013.2.20"]
[Round "1"]
[White "Severynnas"]
[Black "Arther"]
[Result "0-1"]
[WhiteElo "1536"]
[BlackElo "1535"]

1. d4 Nf6 2. e3 e6 3. Nc3 d6 4. b4 a6 5. Nf3 Be7 6. Bc4 b5 7. Bb3 Bb7 8. O-O O-O
9. h3 Nbd7 10. Bb2 h6 11. a4 c5 12. bxc5 dxc5 13. axb5 cxd4 14. Nxd4 Nb6 15.
bxa6 Bxa6 16. Re1 Re8 17. Nc6 Qc7 18. Nd4 Nc4 19. Bxc4 Bxc4 20. Ndb5 Qb6 21. f4
Bxb5 22. Qf3 Rxa1 23. Bxa1 Bc6 24. Qe2 Rd8 25. Nd1 Ne4 26. Qg4 f6 27. Nf2 Bc5
28. Nxe4 Bxe4 29. Bxf6 Rd7 30. Bh4 Bxc2 31. Qe2 Be4 32. g4 Rd3 33. Bf2 g6 34.
Rc1 Kf7 35. Bh4 Bxe3+ 36. Kf1 Bxc1 37. Qxe4 Rd1+ 38. Ke2 Rd2+ 39. Kf3 Qb3+ 40.
Qe3 Qxe3+ 41. Kxe3 Rd5+ 42. Ke4 Bb2 43. Bf2 Bf6 44. Be3 e5 45. f5 gxf5+ 46. Kxf5
Kg7 47. Bf2 Rd8 48. Bb6 Re8 49. Be3 Rc8 50. Bf2 Rc3 51. Ke4 Rxh3 52. Be3 Rg3 53.
Kd5 Rxg4 54. Bb6 h5 55. Kd6 h4 56. Bf2 h3 57. Ke6 Kg6 58. Be1 h2 59. Bh4 Rxh4
0-1

[Event "AUTO-INT-2563"]
[Site "http://www.queenalice.com/game.php?id=1153789"]
[Date "2013.2.20"]
[Round "1"]
[White "Arther"]
[Black "Severynnas"]
[Result "0-1"]
[WhiteElo "1536"]
[BlackElo "1539"]

1. c4 e5 2. Nc3 Bc5 3. e3 Nf6 4. Nge2 O-O 5. g3 g5 6. Bg2 Nc6 7. d3 a6 8. O-O
Ne7 9. Re1 h6 10. a3 c6 11. b4 Ba7 12. Bb2 d5 13. cxd5 cxd5 14. Rc1 Bg4 15. h3
Bf5 16. Na4 e4 17. Nd4 Bd7 18. dxe4 dxe4 19. Nc5 Bxc5 20. Rxc5 b6 21. Rc3 Ned5
22. Rc2 Ba4 23. Nc6 Bxc6 24. Rxc6 Rc8 25. Qc2 Qd7 26. Bxf6 Rxc6 27. Qd3 exd3 28.
Rd1 Rc3 29. Bxd5 Qxd5 30. Bxc3 Rd8 31. Kh2 Qb3 32. Rc1 d2 0-1

[Event "AUTO-INT-2563"]
[Site "http://www.queenalice.com/game.php?id=1153796"]
[Date "2013.2.20"]
[Round "1"]
[White "Arther"]
[Black "SGF"]
[Result "0-1"]
[WhiteElo "1562"]
[BlackElo "1591"]

1. c4 e5 2. Nc3 Qf6 3. Nf3 d6 4. d3 h6 5. e3 c6 6. b3 e4 7. dxe4 Qxc3+ 8. Bd2
Qb2 9. Bd3 Bg4 10. Be2 Nf6 11. h3 Bh5 12. O-O Nxe4 13. a4 Bxf3 14. Bxf3 Nxd2 15.
Qe2 Nxf3+ 0-1

[Event "AUTO-INT-2563"]
[Site "http://www.queenalice.com/game.php?id=1153797"]
[Date "2013.2.20"]
[Round "1"]
[White "SGF"]
[Black "Arther"]
[Result "1-0"]
[WhiteElo "1603"]
[BlackElo "1550"]

1. e4 c5 2. Qf3 Nc6 3. Bc4 e6 4. c3 b6 5. Bb5 Bb7 6. d3 a6 7. Bxc6 Bxc6 8. Nh3
d6 9. Ng5 Nf6 10. h4 Be7 11. h5 h6 12. Nh3 Nd7 13. a4 a5 14. Qg3 Bf6 15. Na3 Be5
16. Bf4 Bxa4 17. Bxe5 Nxe5 18. Qxg7 Ke7 19. Nc4 Nxd3+ 20. Kd2 Nxf2 21. Nxf2 Bb5
22. Ne3 Qd7 23. Nfg4 Rag8 24. Qf6+ Ke8 25. Nxh6 Rxh6 26. Qf4 Rh7 27. h6 Ke7 28.
Ng4 f6 29. Nxf6 Rxg2+ 30. Kc1 Rf7 31. h7 Rxf6 32. Qxf6+ Kxf6 33. h8=Q+ Kg5 34.
Qg8+ 1-0

[Event "Cearense de coração"]
[Site "http://www.queenalice.com/game.php?id=1207802"]
[Date "2013.8.14"]
[Round "-"]
[White "jw16js"]
[Black "Arther"]
[Result "0-1"]
[WhiteElo "1509"]
[BlackElo "1577"]

1. e4 c5 2. Bc4 Nc6 3. Qf3 Nf6 4. g4 Ne5 5. Qe2 Nfxg4 6. h3 Nf6 7. f4 Nxc4 8.
Qxc4 e6 9. e5 Nd5 10. d3 Be7 11. Bd2 Bh4+ 12. Kd1 b6 13. Nf3 Be7 14. Re1 O-O 15.
Re4 Bb7 16. Re1 Nc7 17. Nh2 Bh4 18. Rg1 Bd5 19. Qc3 Nb5 20. Qxc5 bxc5 21. c4 Bc6
22. cxb5 Bxb5 23. Kc2 d5 24. Na3 Rb8 25. Rgb1 Bg3 26. Nf3 Ba4+ 27. b3 Bd7 28.
Rg1 Bh4 29. Rg4 Be7 30. h4 h5 31. Rg3 Bxh4 32. Rh3 Be7 33. Rxh5 Qb6 34. Rah1 f5
35. Rh7 Kf7 36. Rg1 Rg8 37. Rb1 Rh8 38. Rxh8 Rxh8 39. Be3 Rh3 40. Rf1 Qa6 41.
Bd2 c4 42. Nb1 Qxa2+ 43. Kc1 Ba3+ 44. Nxa3 Qxa3+ 45. Kc2 Qxb3+ 46. Kc1 Qxd3 47.
Ng5+ Kg8 48. Nxh3 Qxh3 49. Rd1 Ba4 50. Re1 Qa3+ 51. Kb1 c3 52. Bc1 c2# 0-1

[Event "Cearense de coração"]
[Site "http://www.queenalice.com/game.php?id=1207804"]
[Date "2013.8.14"]
[Round "-"]
[White "Arther"]
[Black "jw16js"]
[Result "1/2-1/2"]
[WhiteElo "1590"]
[BlackElo "1505"]

1. c4 c5 2. Nc3 e6 3. e4 b6 4. Nf3 Qc7 5. Be2 Nc6 6. O-O Ba6 7. b3 O-O-O 8. Bb2
Nd4 9. Nxd4 cxd4 10. Na4 e5 11. d3 Ne7 12. Bc1 Nc6 13. Nb2 Bc5 14. Bg4 h5 15.
Bf3 f6 16. Bxh5 g5 17. Bg4 Bb4 18. Bd2 Ba3 19. Bc1 Rh4 20. Qf3 Rdh8 21. h3 Nb4
22. Qxf6 Rg8 23. Nd1 Bxc1 24. Qf7 Rd8 25. Rxc1 Nxd3 26. Rc2 Qc6 27. Qf3 Nb4 28.
Rb2 d3 29. a3 Nc2 30. Qxd3 Nxa3 31. Ra2 Qc5 32. Qf3 Rf8 33. Qe3 Qxe3 34. Nxe3
Nxc4 35. bxc4 Bb7 36. f3 a5 37. Nf5 Rh7 38. Nd6+ Kc7 39. Nxb7 Kxb7 40. Rd1 Kc6
41. Kf2 Kc7 42. Rd5 Re7 43. g3 d6 44. Ke3 Ra8 45. Ra4 Rd8 46. f4 exf4+ 47. gxf4
gxf4+ 48. Kxf4 Rf8+ 49. Ke3 Kc6 50. Kd4 Re5 51. Rxe5 dxe5+ 52. Kxe5 Kc5 53. Bd1
Rh8 54. Kf5 Rxh3 55. e5 Rh1 56. Bf3 Rc1 57. e6 Kd6 58. Bd5 Ke7 59. Ke4 Re1+ 60.
Kf5 Rf1+ 61. Ke5 Rc1 62. Kd4 Kd6 63. Ra3 Rb1 64. Re3 Ke7 65. Bc6 Rg1 66. Kd5
Rg5+ 67. Re5 Rg6 68. Bd7 Rg1 69. Kc6 Rb1 70. Rb5 Ra1 71. Kxb6 a4 72. Ra5 a3 73.
Ba4 Kxe6 74. Bb3 Kd6 75. c5+ Ke5 76. c6+ Kd6 77. c7 Rc1 78. Ra7 Rc6+ 79. Kb5
Rxc7 80. Rxc7 1/2-1/2

[Event "Let's Play Chess!"]
[Site "http://www.queenalice.com/game.php?id=1213897"]
[Date "2013.9.3"]
[Round "-"]
[White "carlosufpe"]
[Black "Arther"]
[Result "0-1"]
[WhiteElo "1602"]
[BlackElo "1604"]

1. d4 Nf6 2. e3 g6 3. Nf3 Bg7 4. Be2 O-O 5. O-O d5 6. c4 c6 7. cxd5 cxd5 8. b3
Nc6 9. Bb2 a6 10. Qd2 b5 11. Ne5 Ne4 12. Qc2 Nxe5 13. dxe5 e6 14. Nd2 f5 15.
exf6 Nxf6 16. Rab1 Bd7 17. Nf3 Rc8 18. Qd3 Qb6 19. Ne5 Rc7 20. Rfc1 Rfc8 21.
Rxc7 Rxc7 22. a4 bxa4 23. bxa4 Bxa4 24. Ba1 Qa7 25. Qxa6 Qxa6 26. Bxa6 h5 27.
Be2 Kh7 28. Nf3 Rf7 29. Bxf6 Bxf6 30. Bd1 Bc6 31. Rb6 Bd7 32. Rb7 Kg7 33. Bb3
Be8 34. Rxf7+ Kxf7 35. h4 Bc3 36. Kf1 Bb5+ 37. Kg1 Kf6 38. g3 Be2 39. Kg2 Kf5
40. Ng1 Bd3 41. f4 Be4+ 42. Kf2 e5 43. fxe5 Bxe5 44. Nf3 Bc7 45. Nd4+ Kg4 46.
Bd1+ Kh3 47. Bf3 Bxg3+ 48. Ke2 Bb1 49. Bxd5 Bxh4 50. e4 Bf6 51. Nf3 h4 52. Kf2
g5 53. Ng1+ Kg4 54. Be6+ Kf4 0-1

[Event "Let's Play Chess!"]
[Site "http://www.queenalice.com/game.php?id=1213898"]
[Date "2013.9.3"]
[Round "-"]
[White "Arther"]
[Black "carlosufpe"]
[Result "1-0"]
[WhiteElo "1587"]
[BlackElo "1619"]

1. c4 d6 2. Nc3 g6 3. d4 Bg7 4. Nf3 Nf6 5. e3 Bg4 6. Be2 Bxf3 7. Bxf3 c6 8. O-O
e6 9. b3 O-O 10. Ba3 Re8 11. Qd3 Qc7 12. Bb2 e5 13. dxe5 dxe5 14. Rfd1 Na6 15.
e4 Rad8 16. Qe2 Rxd1+ 17. Rxd1 Rd8 18. h3 Nc5 19. b4 Rxd1+ 20. Qxd1 Ncd7 21. Be2
b6 22. f3 b5 23. cxb5 cxb5 24. Nxb5 Qb6+ 25. Kh2 a6 26. Nc3 Qxb4 27. Ba1 Qa3 28.
Qc2 Bf8 29. Bb2 Qc5 30. Bxa6 Nh5 31. Bc1 Ng7 32. Qd2 Nf6 33. Nd1 Qa7 34. Bc4 Qa4
35. Bb3 Bb4 36. Bxa4 Bxd2 37. Bxd2 Ne6 38. Bb3 Nd4 39. Bc4 h5 40. a4 Nc6 41. g3
Nd4 42. Kg2 Kf8 43. a5 1-0